Statistics for EU Countries Quiz

Click here to take the quiz!

General Stats

  • This quiz has been taken 208,759 times
    (154,413 since last reset)
  • The average score is 24 of 27

Answer Stats

Country% Correct
France
98%
Germany
97%
Spain
97%
Portugal
95%
Italy
94%
Sweden
94%
Belgium
93%
Finland
92%
Greece
91%
Netherlands
91%
Poland
91%
Austria
90%
Denmark
90%
Ireland
89%
Croatia
87%
Estonia
87%
Hungary
87%
Latvia
87%
Slovakia
87%
Czech Republic
86%
Lithuania
86%
Luxembourg
86%
Slovenia
86%
Romania
85%
Bulgaria
82%
Malta
74%
Cyprus
65%

Score Distribution

Percentile by Number Answered

Percent of People with Each Score

Your Score History

You have not taken this quiz since the last reset